| 000 | 00648nam a22002297a 4500 | ||
|---|---|---|---|
| 005 | 20260209112311.0 | ||
| 008 | 260209b |||||||| |||| 00| 0 eng d | ||
| 020 | _a978-7598-3883-7 | ||
| 037 | _cTB | ||
| 040 |
_aCRL _cCRL |
||
| 041 |
_2eng _aeng |
||
| 084 |
_aD65,8(B) R5 _qCRL |
||
| 100 |
_aBerti-Equille, Laure _91114498 |
||
| 245 |
_aAI for SDGs: _ba technical and illustrated |
||
| 260 | _c2025. | ||
| 300 | _a92p. | ||
| 365 |
_b100 _cINR |
||
| 650 |
_aComputer Application _91114499 |
||
| 650 |
_aEngineering _91114500 |
||
| 942 |
_2CC _cTB _hD65,8(B) R5 _n0 |
||
| 999 |
_c1678972 _d1678972 |
||